[Event "Winnipeg TNT October op"]
[Site "Winnipeg CAN"]
[Date "2007.10.23"]
[Round "4"]
[White "Green, Jim"]
[Black "Magnusson, Saul"]
[Result "1-0"]
[WhiteElo "1726"]
[BlackElo "1242"]
[PlyCount "60"]
[GameId "2160767910579057"]
[EventDate "2007.10.02"]
[EventType "swiss"]
[EventRounds "5"]
[EventCountry "CAN"]
[SourceTitle "EXT 2022"]
[Source "ChessBase"]
[SourceDate "2021.10.06"]
[SourceVersion "1"]
[SourceVersionDate "2021.10.06"]
[SourceQuality "1"]

1. e4 e5 2. Nf3 Nc6 3. Bb5 a6 4. Ba4 Nf6 5. O-O b5 6. Bb3 Be7 7. Re1 O-O 8. c3 d5 9. exd5 Nxd5 10. d3 Bg4 11. h3 Bh5 12. Bc2 Re8 13. Nbd2 Nf4 14. Nf1 Bc5 15. Ng3 Bg6 16. Ne4 Bb6 17. Bxf4 exf4 18. d4 Na5 19. Ned2 Bh5 20. b4 Nc6 21. Be4 Qd7 22. Qb3 Rad8 23. a4 Kh8 24. axb5 axb5 25. Qc2 h6 26. Qb3 Re6 27. d5 Rxe4 28. Rxe4 Ne7 29. Rae1 Nxd5 30. Ne5 Qf5 1-0

[Event "Winnipeg TNT October op"]
[Site "Winnipeg CAN"]
[Date "2007.10.23"]
[Round "4"]
[White "Greenberg, Harley"]
[Black "Khedkar, Jay S"]
[Result "0-1"]
[WhiteElo "1823"]
[BlackElo "1970"]
[PlyCount "40"]
[GameId "2160767910579058"]
[EventDate "2007.10.02"]
[EventType "swiss"]
[EventRounds "5"]
[EventCountry "CAN"]
[SourceTitle "EXT 2022"]
[Source "ChessBase"]
[SourceDate "2021.10.06"]
[SourceVersion "1"]
[SourceVersionDate "2021.10.06"]
[SourceQuality "1"]

1. d4 d5 2. c4 e6 3. Nf3 Nf6 4. g3 Be7 5. Bg2 O-O 6. Nc3 b6 7. cxd5 exd5 8. O-O Bb7 9. Bf4 a6 10. Rc1 Nbd7 11. Ne5 c5 12. dxc5 Nxc5 13. e3 Ne6 14. Qb3 g5 15. Nxd5 Bxd5 16. Bxd5 Qxd5 17. Nc6 Bc5 18. Be5 Qxc6 19. Bxf6 Nf4 20. exf4 Qxf6 0-1

[Event "Winnipeg TNT October op"]
[Site "Winnipeg CAN"]
[Date "2007.10.23"]
[Round "4"]
[White "Huynh, Peter"]
[Black "Magnusson, Bryan"]
[Result "1-0"]
[WhiteElo "1585"]
[BlackElo "1176"]
[PlyCount "53"]
[GameId "2160767910579059"]
[EventDate "2007.10.02"]
[EventType "swiss"]
[EventRounds "5"]
[EventCountry "CAN"]
[SourceTitle "EXT 2022"]
[Source "ChessBase"]
[SourceDate "2021.10.06"]
[SourceVersion "1"]
[SourceVersionDate "2021.10.06"]
[SourceQuality "1"]

1. c4 e5 2. Nc3 Nc6 3. Nf3 d6 4. g3 Nf6 5. Bg2 Bd7 6. O-O Qe7 7. d4 e4 8. Ng5 O-O-O 9. Ngxe4 Ng4 10. h3 f5 11. Bg5 Nf6 12. Nd5 Qe6 13. Nexf6 h6 14. Nxd7 Rxd7 15. Be3 g5 16. Nxc7 Rxc7 17. d5 Qe5 18. dxc6 bxc6 19. Bd4 Qe6 20. Bxh8 f4 21. gxf4 gxf4 22. Qd4 Qg6 23. Qxf4 Rh7 24. Qxf8+ Kd7 25. Rad1 Re7 26. Bf6 Qe8 27. Qxe7+ 1-0

[Event "Winnipeg TNT October op"]
[Site "Winnipeg CAN"]
[Date "2007.10.23"]
[Round "4"]
[White "Mundwiler, Les"]
[Black "Liu, Weixi"]
[Result "1-0"]
[WhiteElo "2003"]
[BlackElo "1919"]
[PlyCount "73"]
[GameId "2160767910579060"]
[EventDate "2007.10.02"]
[EventType "swiss"]
[EventRounds "5"]
[EventCountry "CAN"]
[SourceTitle "EXT 2022"]
[Source "ChessBase"]
[SourceDate "2021.10.06"]
[SourceVersion "1"]
[SourceVersionDate "2021.10.06"]
[SourceQuality "1"]

1. c4 c6 2. Nc3 d5 3. cxd5 cxd5 4. d4 Nf6 5. Nf3 e6 6. Bf4 Bd6 7. Bg5 Be7 8. e3 O-O 9. Bd3 h6 10. Bh4 b6 11. Qe2 Nc6 12. Rc1 Nb4 13. Bb1 Ba6 14. Qd1 Rc8 15. Ne5 Ne4 16. Bxe7 Qxe7 17. a3 Nc6 18. Nxc6 Rxc6 19. Bxe4 dxe4 20. Nd5 Qd7 21. Ne7+ Qxe7 22. Rxc6 Qg5 23. Rg1 Qa5+ 24. Qd2 Qh5 25. h3 Qd5 26. Rc1 Qd6 27. f4 Qe7 28. g3 f6 29. Qb4 Qf7 30. Qd6 Re8 31. g4 e5 32. Rc7 Qb3 33. Kf2 Qxb2+ 34. Kg3 Qe2 35. Kh4 Qf2+ 36. Kh5 Bb5 37. Kg6 1-0

[Event "Winnipeg TNT October op"]
[Site "Winnipeg CAN"]
[Date "2007.10.23"]
[Round "4"]
[White "Rutter, Blair"]
[Black "Atem, James"]
[Result "0-1"]
[WhiteElo "1900"]
[BlackElo "1717"]
[PlyCount "62"]
[GameId "2160767910579061"]
[EventDate "2007.10.02"]
[EventType "swiss"]
[EventRounds "5"]
[EventCountry "CAN"]
[SourceTitle "EXT 2022"]
[Source "ChessBase"]
[SourceDate "2021.10.06"]
[SourceVersion "1"]
[SourceVersionDate "2021.10.06"]
[SourceQuality "1"]

1. c4 e5 2. g3 Nc6 3. Bg2 Nf6 4. Nc3 a6 5. e4 Bc5 6. h3 O-O 7. Nge2 d6 8. O-O Be6 9. d3 Qd7 10. Kh2 Rfb8 11. f4 exf4 12. Bxf4 Nd4 13. Qd2 Nh5 14. Be3 Nxe2 15. Nxe2 Bxe3 16. Qxe3 b5 17. b3 g6 18. d4 Qc8 19. d5 Bd7 20. Rac1 bxc4 21. bxc4 Rb2 22. Nc3 Rxg2+ 23. Kxg2 Bxh3+ 24. Kf2 Bxf1 25. Rxf1 Qh3 26. Rg1 Nf6 27. Qf3 Ng4+ 28. Ke1 Ne5 29. Qe2 Rb8 30. Rg2 Rb2 31. Qxb2 Nd3+ 0-1

[Event "Winnipeg TNT October op"]
[Site "Winnipeg CAN"]
[Date "2007.10.23"]
[Round "4"]
[White "Silva, T Romero"]
[Black "Kong, Dezheng"]
[Result "1/2-1/2"]
[WhiteElo "1769"]
[BlackElo "1848"]
[PlyCount "158"]
[GameId "2160767910579062"]
[EventDate "2007.10.02"]
[EventType "swiss"]
[EventRounds "5"]
[EventCountry "CAN"]
[SourceTitle "EXT 2022"]
[Source "ChessBase"]
[SourceDate "2021.10.06"]
[SourceVersion "1"]
[SourceVersionDate "2021.10.06"]
[SourceQuality "1"]

1. e4 c5 2. Nf3 d6 3. d4 cxd4 4. Nxd4 Nf6 5. Nc3 a6 6. Be3 e6 7. Bd3 Be7 8. f3 Nbd7 9. a3 O-O 10. Qd2 Qc7 11. Nb3 b5 12. O-O Bb7 13. Qf2 Ne5 14. Rfc1 Rac8 15. Bb6 Qd7 16. Na5 Ba8 17. Bd4 Nc6 18. Nxc6 Qxc6 19. Rab1 Rfd8 20. Kh1 Nd7 21. Qg3 Bf6 22. Bxf6 Nxf6 23. h3 Qd7 24. Qh4 Qe7 25. Re1 Nd5 26. Qxe7 Nxe7 27. Kh2 Ng6 28. Kg3 Ne7 29. Rbc1 d5 30. exd5 Nxd5 31. Nxd5 Bxd5 32. c3 g6 33. Bf1 Bb3 34. Re2 Bc4 35. Rf2 Bxf1 36. Rcxf1 Kg7 37. Re2 Rd3 38. Rfe1 Rcd8 39. Kf4 Kf6 40. h4 h6 41. g4 g5+ 42. hxg5+ hxg5+ 43. Kg3 Rd2 44. Kf2 Rxe2+ 45. Rxe2 Rd1 46. Kg2 Ke7 47. Kf2 Kd6 48. Ke3 Kd5 49. Rd2+ Rxd2 50. Kxd2 f5 51. Kd3 a5 52. b3 Kc5 53. Ke3 a4 54. bxa4 bxa4 55. Kd3 Kd5 56. c4+ Kc5 57. f4 gxf4 58. g5 e5 59. g6 e4+ 60. Ke2 Kxc4 61. g7 Kb3 62. g8=Q+ Kxa3 63. Qf8+ Kb3 64. Qf7+ Kb2 65. Qf6+ Kb3 66. Qxf5 a3 67. Qxe4 a2 68. Qd5+ Kb2 69. Qb5+ Kc2 70. Qa4+ Kb2 71. Qb4+ Kc2 72. Qa3 f3+ 73. Ke1 f2+ 74. Kxf2 Kb1 75. Qb3+ Ka1 76. Qd5 Kb2 77. Qb5+ Kc2 78. Qc4+ Kb2 79. Qb4+ Kc2 1/2-1/2

[Event "Winnipeg TNT October op"]
[Site "Winnipeg CAN"]
[Date "2007.10.23"]
[Round "4"]
[White "Wiebe, Daniel"]
[Black "Reimer, Bruce"]
[Result "1-0"]
[WhiteElo "1713"]
[BlackElo "1541"]
[PlyCount "33"]
[GameId "2160767910579063"]
[EventDate "2007.10.02"]
[EventType "swiss"]
[EventRounds "5"]
[EventCountry "CAN"]
[SourceTitle "EXT 2022"]
[Source "ChessBase"]
[SourceDate "2021.10.06"]
[SourceVersion "1"]
[SourceVersionDate "2021.10.06"]
[SourceQuality "1"]

1. e4 Nf6 2. Nc3 d5 3. exd5 Nxd5 4. Nxd5 Qxd5 5. d4 Nc6 6. Nf3 Bg4 7. c3 O-O-O 8. Be2 h5 9. h3 Bf5 10. c4 Qd7 11. Ne5 Nxe5 12. dxe5 Qe6 13. Qa4 Kb8 14. Be3 b6 15. c5 Qxe5 16. cxb6 cxb6 17. Bf4 1-0

[Event "Winnipeg TNT October op"]
[Site "Winnipeg CAN"]
[Date "2007.10.23"]
[Round "4"]
[White "Wierda, John"]
[Black "Green, Aaron"]
[Result "1-0"]
[WhiteElo "1713"]
[BlackElo "1543"]
[PlyCount "59"]
[GameId "2160767910579064"]
[EventDate "2007.10.02"]
[EventType "swiss"]
[EventRounds "5"]
[EventCountry "CAN"]
[SourceTitle "EXT 2022"]
[Source "ChessBase"]
[SourceDate "2021.10.06"]
[SourceVersion "1"]
[SourceVersionDate "2021.10.06"]
[SourceQuality "1"]

1. e4 c5 2. c3 d5 3. e5 Nc6 4. d4 c4 5. Nf3 Bf5 6. Be2 e6 7. Nh4 Qxh4 8. Nd2 Qd8 9. Nf3 h6 10. O-O Nge7 11. b3 b5 12. a4 a6 13. Nh4 Bh7 14. f4 Nf5 15. Nf3 Nh4 16. Nxh4 Qxh4 17. axb5 Nb8 18. bxc4 dxc4 19. bxa6 Qd8 20. Bxc4 Qc8 21. a7 Nd7 22. Bb5 Be4 23. Qa4 Kd8 24. Re1 Bb7 25. Re2 Nb6 26. Qa5 Qc7 27. Rb2 Nd5 28. Bc6 Bxc6 29. Rb8+ Rxb8 30. axb8=Q+ 1-0

[Event "Winnipeg TNT October op"]
[Site "Winnipeg CAN"]
[Date "2007.10.30"]
[Round "5"]
[White "Atem, James"]
[Black "Wiebe, Daniel"]
[Result "1-0"]
[WhiteElo "1717"]
[BlackElo "1713"]
[PlyCount "61"]
[GameId "2160767910579065"]
[EventDate "2007.10.02"]
[EventType "swiss"]
[EventRounds "5"]
[EventCountry "CAN"]
[SourceTitle "EXT 2022"]
[Source "ChessBase"]
[SourceDate "2021.10.06"]
[SourceVersion "1"]
[SourceVersionDate "2021.10.06"]
[SourceQuality "1"]

1. e4 e5 2. Bc4 b5 3. Bxb5 c6 4. Bc4 d5 5. exd5 cxd5 6. Bb5+ Bd7 7. Qe2 Qc7 8. Nc3 d4 9. Qe4 dxc3 10. Bxd7+ Kxd7 11. Qxa8 Bb4 12. Qd5+ Kc8 13. dxc3 Bxc3+ 14. Kf1 Nf6 15. Qd3 Bd4 16. c3 Bb6 17. Bg5 Ng4 18. Nh3 Nd7 19. Rd1 Nc5 20. Qf5+ Ne6 21. Qxg4 Rf8 22. Be3 Bxe3 23. fxe3 f5 24. Qa4 Qb6 25. b4 Qxe3 26. Qd7+ Kb8 27. Qxe6 f4 28. Qd6+ Kb7 29. Qxf8 Qxc3 30. Qxg7+ Kb6 31. Rd6+ 1-0

[Event "Winnipeg TNT October op"]
[Site "Winnipeg CAN"]
[Date "2007.10.30"]
[Round "5"]
[White "Green, Aaron"]
[Black "Magnusson, Saul"]
[Result "1-0"]
[WhiteElo "1543"]
[BlackElo "1242"]
[PlyCount "69"]
[GameId "2160767910579067"]
[EventDate "2007.10.02"]
[EventType "swiss"]
[EventRounds "5"]
[EventCountry "CAN"]
[SourceTitle "EXT 2022"]
[Source "ChessBase"]
[SourceDate "2021.10.06"]
[SourceVersion "1"]
[SourceVersionDate "2021.10.06"]
[SourceQuality "1"]

1. e4 e5 2. Nf3 Nc6 3. Bb5 a6 4. Bxc6 dxc6 5. O-O Bg4 6. h3 Bh5 7. d3 Bd6 8. Be3 Nf6 9. Nbd2 b5 10. Qc1 h6 11. Nh2 Qe7 12. g4 Bg6 13. f4 Bc5 14. Nb3 Bb6 15. Bxb6 cxb6 16. f5 Bh7 17. Nf3 Rd8 18. Qe3 c5 19. Rad1 O-O 20. Nc1 Kh8 21. g5 Nh5 22. h4 g6 23. f6 Qe6 24. Ne2 b4 25. b3 Rfe8 26. Kh2 Rd7 27. Rg1 Rc8 28. Rdf1 a5 29. Qf2 a4 30. gxh6 axb3 31. axb3 Nxf6 32. Ng5 Ng4+ 33. Rxg4 Qxg4 34. Qf6+ Kg8 35. Qg7# 1-0

[Event "Winnipeg TNT October op"]
[Site "Winnipeg CAN"]
[Date "2007.10.30"]
[Round "5"]
[White "Huynh, Peter"]
[Black "Greenberg, Harley"]
[Result "0-1"]
[WhiteElo "1585"]
[BlackElo "1823"]
[PlyCount "54"]
[GameId "2160767910579068"]
[EventDate "2007.10.02"]
[EventType "swiss"]
[EventRounds "5"]
[EventCountry "CAN"]
[SourceTitle "EXT 2022"]
[Source "ChessBase"]
[SourceDate "2021.10.06"]
[SourceVersion "1"]
[SourceVersionDate "2021.10.06"]
[SourceQuality "1"]

1. c4 Nf6 2. Nc3 e6 3. g3 c6 4. Bg2 d5 5. b3 d4 6. Ne4 e5 7. d3 Nbd7 8. Nf3 Nxe4 9. dxe4 Be7 10. O-O O-O 11. Ne1 a5 12. Nd3 f5 13. exf5 Rxf5 14. e4 Rf8 15. Bh3 Nf6 16. Bg2 Qc7 17. Bg5 Nxe4 18. Bxe4 Bxg5 19. Qh5 Bh6 20. Qxe5 Qf7 21. Qxd4 Bh3 22. Bg2 Bxg2 23. Kxg2 Rad8 24. Qc3 Qf3+ 25. Kg1 Rxd3 26. Qxa5 Rd2 27. Qc5 Rxf2 0-1

[Event "Winnipeg TNT October op"]
[Site "Winnipeg CAN"]
[Date "2007.10.30"]
[Round "5"]
[White "Kong, Dezheng"]
[Black "Green, Jim"]
[Result "1/2-1/2"]
[WhiteElo "1848"]
[BlackElo "1726"]
[PlyCount "63"]
[GameId "2160767910579069"]
[EventDate "2007.10.02"]
[EventType "swiss"]
[EventRounds "5"]
[EventCountry "CAN"]
[SourceTitle "EXT 2022"]
[Source "ChessBase"]
[SourceDate "2021.10.06"]
[SourceVersion "1"]
[SourceVersionDate "2021.10.06"]
[SourceQuality "1"]

1. c4 Nf6 2. Nc3 g6 3. Nf3 c6 4. g3 Bg7 5. Bg2 O-O 6. O-O d5 7. cxd5 Nxd5 8. Nxd5 Qxd5 9. Qc2 Qb5 10. d3 Nd7 11. Rb1 Nf6 12. Bd2 Nd5 13. a4 Qb6 14. b4 Bd7 15. Qc4 e6 16. e4 Nf6 17. Be3 Qa6 18. Qxa6 bxa6 19. Rfc1 Rfc8 20. Rc4 Ng4 21. Bf4 e5 22. Bd2 Be6 23. Rcc1 f6 24. d4 Nh6 25. dxe5 fxe5 26. Nxe5 Bxe5 27. Bxh6 Ba2 28. Bh3 Rc7 29. Bg5 Bxb1 30. Rxb1 Kf7 31. Rd1 Rb8 32. f4 1/2-1/2

[Event "Winnipeg TNT October op"]
[Site "Winnipeg CAN"]
[Date "2007.10.30"]
[Round "5"]
[White "Liu, Weixi"]
[Black "Czypinski, Jaroslaw"]
[Result "1-0"]
[WhiteElo "1919"]
[BlackElo "1828"]
[PlyCount "127"]
[GameId "2160767910579070"]
[EventDate "2007.10.02"]
[EventType "swiss"]
[EventRounds "5"]
[EventCountry "CAN"]
[SourceTitle "EXT 2022"]
[Source "ChessBase"]
[SourceDate "2021.10.06"]
[SourceVersion "1"]
[SourceVersionDate "2021.10.06"]
[SourceQuality "1"]

1. d4 Nf6 2. c4 e6 3. Nf3 b6 4. Nc3 Bb4 5. Bg5 h6 6. Bh4 Bb7 7. a3 Bxc3+ 8. bxc3 O-O 9. e3 d5 10. cxd5 Bxd5 11. Qc2 Nbd7 12. Be2 c5 13. O-O Rc8 14. Ba6 Ra8 15. Qe2 Qc7 16. Nd2 Ne4 17. Nxe4 Bxe4 18. f3 Bb7 19. Bg3 Bxa6 20. Qxa6 Qc8 21. Qe2 Qc6 22. Rfd1 Rac8 23. Qa6 Ra8 24. e4 cxd4 25. cxd4 Qc8 26. Qa4 Qb7 27. Rac1 Rfc8 28. h3 b5 29. Qa5 Qb6 30. Qb4 a5 31. Qb2 e5 32. Bf2 exd4 33. Bxd4 Qg6 34. Rxc8+ Rxc8 35. Qxb5 Rc2 36. Bf2 Nf8 37. Qxa5 Qc6 38. Qd5 Qa4 39. Qd3 Ra2 40. Bc5 Ne6 41. Bb4 Rxg2+ 42. Kh1 Qa7 43. Qd6 Qf2 44. Qb8+ Kh7 45. Qe5 Rh2+ 46. Qxh2 Qxf3+ 47. Qg2 Qxd1+ 48. Kh2 Nf4 49. Qd2 Qf3 50. h4 Qh3+ 51. Kg1 Qg3+ 52. Kf1 Qf3+ 53. Ke1 Qh1+ 54. Kf2 Qg2+ 55. Ke3 Qg3+ 56. Kd4 Ne6+ 57. Kc4 Qxh4 58. Qd5 Qh2 59. Qf5+ Kg8 60. Qg4 Qa2+ 61. Kb5 Nc7+ 62. Ka5 Qc4 63. Qc8+ Kh7 64. Qb7 1-0

[Event "Winnipeg TNT October op"]
[Site "Winnipeg CAN"]
[Date "2007.10.30"]
[Round "5"]
[White "Oberton, Daniel"]
[Black "Khedkar, Jay S"]
[Result "1-0"]
[WhiteElo "1980"]
[BlackElo "1970"]
[PlyCount "53"]
[GameId "2160767910579071"]
[EventDate "2007.10.02"]
[EventType "swiss"]
[EventRounds "5"]
[EventCountry "CAN"]
[SourceTitle "EXT 2022"]
[Source "ChessBase"]
[SourceDate "2021.10.06"]
[SourceVersion "1"]
[SourceVersionDate "2021.10.06"]
[SourceQuality "1"]

1. e4 c5 2. Nf3 d6 3. d4 cxd4 4. Nxd4 Nf6 5. Nc3 a6 6. Be2 e6 7. g4 Be7 8. Be3 Nc6 9. g5 Nd7 10. h4 Qa5 11. Qd2 Nc5 12. O-O-O Bd7 13. Kb1 b5 14. Nb3 Nxb3 15. cxb3 Rc8 16. Bc5 d5 17. Bxe7 Nxe7 18. exd5 exd5 19. Qe3 Be6 20. Nxd5 Nxd5 21. Rxd5 O-O 22. Rd6 Qc7 23. Rdd1 Rfe8 24. Qf3 Qc2+ 25. Ka1 Bxb3 26. Bd3 Qc7 27. axb3 1-0

[Event "Winnipeg TNT October op"]
[Site "Winnipeg CAN"]
[Date "2007.10.30"]
[Round "5"]
[White "Reimer, Bruce"]
[Black "Gibbons, Lorne"]
[Result "1-0"]
[WhiteElo "1541"]
[BlackElo "1332"]
[PlyCount "41"]
[GameId "2160767910579072"]
[EventDate "2007.10.02"]
[EventType "swiss"]
[EventRounds "5"]
[EventCountry "CAN"]
[SourceTitle "EXT 2022"]
[Source "ChessBase"]
[SourceDate "2021.10.06"]
[SourceVersion "1"]
[SourceVersionDate "2021.10.06"]
[SourceQuality "1"]

1. e4 e5 2. Nf3 Nc6 3. Bb5 Bd6 4. Nc3 Nf6 5. O-O Ne7 6. d4 exd4 7. Nxd4 c6 8. Bc4 Qc7 9. Nf3 O-O 10. Re1 Bc5 11. Na4 Bb6 12. Nxb6 axb6 13. Bg5 b5 14. Bxf6 bxc4 15. Bxe7 d5 16. Bxf8 Be6 17. Bb4 Ra4 18. Bc3 b5 19. exd5 cxd5 20. Qd4 b4 21. Qxg7# 1-0

[Event "Winnipeg TNT October op"]
[Site "Winnipeg CAN"]
[Date "2007.10.30"]
[Round "5"]
[White "Van Wyk, Joseph"]
[Black "Mundwiler, Les"]
[Result "1-0"]
[WhiteElo "1995"]
[BlackElo "2003"]
[PlyCount "67"]
[GameId "2160767910579073"]
[EventDate "2007.10.02"]
[EventType "swiss"]
[EventRounds "5"]
[EventCountry "CAN"]
[SourceTitle "EXT 2022"]
[Source "ChessBase"]
[SourceDate "2021.10.06"]
[SourceVersion "1"]
[SourceVersionDate "2021.10.06"]
[SourceQuality "1"]

1. e4 d6 2. d4 g6 3. Nf3 Bg7 4. Bc4 e6 5. O-O Nd7 6. Bg5 Ne7 7. Qd2 h6 8. Be3 b6 9. Nc3 Bb7 10. Rad1 a6 11. h3 b5 12. Bd3 g5 13. Nh2 Ng6 14. Ne2 c5 15. c3 e5 16. Bc2 Qe7 17. Ng3 Nh4 18. Ng4 exd4 19. cxd4 cxd4 20. Bxd4 Be5 21. Ne3 Rd8 22. Ngf5 Nxf5 23. Nxf5 Qf6 24. Bxe5 Nxe5 25. Nxd6+ Kf8 26. Qb4 Qe7 27. Qa3 Rd7 28. f4 gxf4 29. Rxf4 Rh7 30. Rf5 Kg8 31. Qg3+ Ng6 32. Nxf7 Rxd1+ 33. Bxd1 Rxf7 34. Qxg6+ 1-0

[Event "Winnipeg TNT October op"]
[Site "Winnipeg CAN"]
[Date "2007.10.30"]
[Round "5"]
[White "Wierda, John"]
[Black "Silva, T Romero"]
[Result "1-0"]
[WhiteElo "1713"]
[BlackElo "1769"]
[PlyCount "87"]
[GameId "2160767910579074"]
[EventDate "2007.10.02"]
[EventType "swiss"]
[EventRounds "5"]
[EventCountry "CAN"]
[SourceTitle "EXT 2022"]
[Source "ChessBase"]
[SourceDate "2021.10.06"]
[SourceVersion "1"]
[SourceVersionDate "2021.10.06"]
[SourceQuality "1"]

1. e4 c5 2. c3 d6 3. d4 cxd4 4. cxd4 a6 5. Nc3 g6 6. Bc4 Bg7 7. Qf3 e6 8. Nge2 Qc7 9. Bb3 Ne7 10. Bf4 O-O 11. Rc1 Qd8 12. O-O Nbc6 13. Rfd1 Na5 14. Bc2 b5 15. Qg3 Nb7 16. h4 h5 17. e5 d5 18. Bg5 Qd7 19. Nf4 Nf5 20. Bxf5 exf5 21. Ncxd5 Rb8 22. Nf6+ Bxf6 23. Bxf6 Kh7 24. Nxh5 Rh8 25. Nf4 Rg8 26. Qg5 Nd8 27. h5 Ne6 28. hxg6+ Rxg6 29. Qxf5 Nxf4 30. Qxf4 Qh3 31. Qh2 Qxh2+ 32. Kxh2 Bg4 33. f3 Be6 34. d5 Rbg8 35. g4 Bxg4 36. fxg4 Rxg4 37. Rg1 Re4 38. Rxg8 Kxg8 39. d6 Re2+ 40. Kg3 Rd2 41. Rc8+ Kh7 42. Rc7 Kg6 43. d7 Rd3+ 44. Kf4 1-0

[Event "Winnipeg TNT September op"]
[Site "Winnipeg CAN"]
[Date "2007.09.04"]
[Round "1"]
[White "Boron, Anthony"]
[Black "Trueman, Francis"]
[Result "1-0"]
[WhiteElo "1973"]
[BlackElo "1533"]
[PlyCount "43"]
[GameId "2160767910579413"]
[EventDate "2007.09.04"]
[EventType "swiss"]
[EventRounds "4"]
[EventCountry "CAN"]
[SourceTitle "EXT 2022"]
[Source "ChessBase"]
[SourceDate "2021.10.06"]
[SourceVersion "1"]
[SourceVersionDate "2021.10.06"]
[SourceQuality "1"]

1. e4 d6 2. d4 Nf6 3. Nc3 g6 4. h3 Bg7 5. Be3 O-O 6. Nf3 Nbd7 7. Qd2 e5 8. dxe5 dxe5 9. O-O-O c6 10. Nxe5 Qe7 11. Nxd7 Nxd7 12. Bh6 Nc5 13. Bxg7 Kxg7 14. Qd4+ Kg8 15. f3 a5 16. Qd6 Qxd6 17. Rxd6 a4 18. Be2 Re8 19. Rhd1 Kg7 20. Bc4 b5 21. Rxc6 Nxe4 22. Nxb5 1-0

[Event "Winnipeg TNT September op"]
[Site "Winnipeg CAN"]
[Date "2007.09.04"]
[Round "1"]
[White "Evans, Brian"]
[Black "Rutter, Blair"]
[Result "0-1"]
[WhiteElo "1495"]
[BlackElo "1848"]
[PlyCount "26"]
[GameId "2160767910579414"]
[EventDate "2007.09.04"]
[EventType "swiss"]
[EventRounds "4"]
[EventCountry "CAN"]
[SourceTitle "EXT 2022"]
[Source "ChessBase"]
[SourceDate "2021.10.06"]
[SourceVersion "1"]
[SourceVersionDate "2021.10.06"]
[SourceQuality "1"]

1. e4 e6 2. d4 d5 3. e5 Bd7 4. c3 c5 5. Be3 cxd4 6. cxd4 Nc6 7. Nf3 Qb6 8. b3 Rc8 9. Nbd2 Ba3 10. Be2 Nge7 11. O-O Nb4 12. Ne1 Nf5 13. Qb1 Rc1 0-1

[Event "Winnipeg TNT September op"]
[Site "Winnipeg CAN"]
[Date "2007.09.04"]
[Round "1"]
[White "Gibson, Fred"]
[Black "Kwiatek, Jordan"]
[Result "0-1"]
[WhiteElo "1347"]
[BlackElo "1791"]
[PlyCount "47"]
[GameId "2160767910579415"]
[EventDate "2007.09.04"]
[EventType "swiss"]
[EventRounds "4"]
[EventCountry "CAN"]
[SourceTitle "EXT 2022"]
[Source "ChessBase"]
[SourceDate "2021.10.06"]
[SourceVersion "1"]
[SourceVersionDate "2021.10.06"]
[SourceQuality "1"]

1. e4 c5 2. Nc3 g6 3. g3 Bg7 4. Bg2 Nc6 5. d3 e6 6. Be3 d5 7. Nge2 Nge7 8. O-O O-O 9. Qd2 Nd4 10. Rae1 f5 11. f4 Rb8 12. Nc1 b5 13. Nd1 a5 14. c3 Ndc6 15. h3 b4 16. b3 bxc3 17. Nxc3 Ba6 18. g4 Nd4 19. N3e2 Kh8 20. Nc3 Qd7 21. exf5 gxf5 22. Nxd5 Nxd5 23. Bxd5 fxg4 24. hxg4 0-1

[Event "Winnipeg TNT September op"]
[Site "Winnipeg CAN"]
[Date "2007.09.04"]
[Round "1"]
[White "Green, Jim"]
[Black "Tang, Edward"]
[Result "1-0"]
[WhiteElo "1753"]
[BlackElo "2057"]
[PlyCount "149"]
[GameId "2160767910579416"]
[EventDate "2007.09.04"]
[EventType "swiss"]
[EventRounds "4"]
[EventCountry "CAN"]
[SourceTitle "EXT 2022"]
[Source "ChessBase"]
[SourceDate "2021.10.06"]
[SourceVersion "1"]
[SourceVersionDate "2021.10.06"]
[SourceQuality "1"]

1. e4 c5 2. Nf3 d6 3. Bb5+ Nc6 4. O-O Nf6 5. Re1 e6 6. d4 cxd4 7. Nxd4 Qc7 8. Nc3 Be7 9. f4 O-O 10. Be3 Rd8 11. Qf3 Nxd4 12. Bxd4 e5 13. Be3 exf4 14. Bxf4 a6 15. Bd3 Qb6+ 16. Kh1 Be6 17. Nd5 Bxd5 18. exd5 Re8 19. b3 Qa5 20. c4 Qd8 21. Re2 Bf8 22. Rae1 Qa5 23. Rxe8 Rxe8 24. Rxe8 Nxe8 25. Bxh7+ Kxh7 26. Qe4+ Kg8 27. Qxe8 Qxa2 28. h3 Qa1+ 29. Kh2 Qf6 30. Bg3 Qe7 31. Qb8 f5 32. c5 dxc5 33. d6 Qe6 34. Qc7 Bxd6 35. Qxd6 Qxb3 36. Qxc5 Qe6 37. Qd6 Kf7 38. Qc7+ Qe7 39. Qb6 Qe4 40. Bd6 Kg8 41. Qd8+ Kf7 42. Qd7+ Kg6 43. Qd8 Kh7 44. h4 Qg4 45. Qe7 b5 46. Qe5 Qxh4+ 47. Kg1 Qg4 48. Kf2 Qh4+ 49. Ke3 Qe1+ 50. Kf3 Qf1+ 51. Kg3 Qd3+ 52. Kf2 a5 53. Bf8 Qd7 54. Bxg7 b4 55. Bf8 Qa7+ 56. Kg3 Qf7 57. Bd6 b3 58. Kf4 Kg6 59. Ba3 Qc4+ 60. Ke3 a4 61. Qe8+ Kh7 62. Qh5+ Kg7 63. Bb2+ Kf8 64. Qxf5+ Ke8 65. Qe4+ Qxe4+ 66. Kxe4 Ke7 67. g4 Ke6 68. g5 Kf7 69. Kf5 Kg8 70. g6 Kf8 71. Kf6 a3 72. Bxa3+ Kg8 73. g7 Kh7 74. Kf7 b2 75. g8=Q+ 1-0

[Event "Winnipeg TNT September op"]
[Site "Winnipeg CAN"]
[Date "2007.09.04"]
[Round "1"]
[White "Huynh, Peter"]
[Black "Kaptsan, Aron"]
[Result "0-1"]
[WhiteElo "1691"]
[BlackElo "2030"]
[PlyCount "56"]
[GameId "2160767910579417"]
[EventDate "2007.09.04"]
[EventType "swiss"]
[EventRounds "4"]
[EventCountry "CAN"]
[SourceTitle "EXT 2022"]
[Source "ChessBase"]
[SourceDate "2021.10.06"]
[SourceVersion "1"]
[SourceVersionDate "2021.10.06"]
[SourceQuality "1"]

1. c4 c5 2. g3 Nf6 3. Bg2 d5 4. b3 d4 5. d3 Qc7 6. Nf3 Nc6 7. O-O e5 8. Ne1 Bd6 9. Nc2 h6 10. Ba3 O-O 11. Nd2 Bf5 12. Rb1 Rfe8 13. Re1 Rad8 14. b4 b6 15. bxc5 bxc5 16. Nb3 Nb4 17. Bxb4 cxb4 18. Qd2 a5 19. Qc1 a4 20. Nd2 Rb8 21. e4 dxe3 22. Rxe3 Bc5 23. d4 Bxc2 24. Qxc2 Bxd4 25. Ree1 Bc3 26. Rec1 Rbd8 27. Ne4 Nxe4 28. Qxe4 Rd4 0-1